000 00310nam a22001337a 4500
008 170525b xxu||||| |||| 00| 0 eng d
020 _a978027599971
041 _aeng
080 _a62
100 _a26
101 _aIM
245 _aENERGY SECURITY CHALLENGES FOR THE 21ST CENTURY
_cLUFT,G
942 _2udc
_cBK
999 _c14221
_d14221